| 000 | 00401nam a2200097Ia 4500 | ||
|---|---|---|---|
| 008 | 180130s9999 xx 000 0 und d | ||
| 245 |
_cSanger, Johannes; Richthammer, Christian; Pernul, Gunther _aReusable components for online reputation systems |
||
| 260 | _c2016 | ||
| 300 | _aBook title: Trust management and information security--Acession number C20744; pages 86-106 | ||
| 650 | _aINFORMATION SECURITY | ||
| 999 |
_c354197 _d354197 |
||